000 01228nam0a2200361 4500
001 RU\NLR\bibl\1044465
005 20260405105121.0
010 _a5-9684-0583-X
_94000
021 _aRU
_b2006-84345
_94270
035 _a(nilc)RSL-KNO-003013895
035 _a(NLR Aleph) 001031842
090 _a763590
_c763590
100 _a20061222d2006 |||y0rusy50 ca
101 0 _arus
102 _aRU
105 _aa zzzz|||||
106 _ar
200 1 _aЦигун для начинающих
_fИ-Шен
210 _aСанкт-Петербург
_cВектор
_d2006
215 _a109, [2] с.
_cил.
_d22
225 1 _aЦелительные практики Востока
606 1 _aЦи-гун терапия
_91459792
_3RU\NLR\auth\66309655
610 0 _aЗдравоохранение. Медицинские науки -- Китайская медицина -- Популярные издания
610 0 _aцигун
686 _aР359.11я9
_2rubbk
686 _aР359.11
700 0 _4070
_8rus
_7ca
_aИ-Шен
_3RU\NLR\AUTH\7740477
_923429
801 0 _aRU
_bРКП
_c20061222
_grcr
801 1 _aRU
_bРГБ
_c20061222
801 2 _aRU
_bNLR
_c20070213
_grcr
942 _cBOOK
980 _aNB